书目信息 |
| 题名: |
化学分析
|
|
| 作者: | ;中华人民共和国第一机械工业部统 | |
| 分册: | ||
| 出版信息: | 北京 科学普及出版社 1983 |
|
| 页数: | 182页 | |
| 开本: | 26cm | |
| 丛书名: | ||
| 单 册: | ||
| 中图分类: | O653 | |
| 科图分类: | ||
| 主题词: | 化学分析 , 分析化学 , 分析(化学) | |
| 电子资源: | ||
| ISBN: | ||
| 000 | 00845nam0 2200277 45 | |
| 001 | 0183006586 | |
| 005 | 20040519154954.7 | |
| 010 | @dCNY1.10 | |
| 091 | @a15051.1066 | |
| 100 | @a19950421d1983 em y0chiy0121 ea | |
| 101 | 0 | @achi |
| 102 | @aCN@b110000 | |
| 105 | @ay z 000yy | |
| 106 | @ar | |
| 200 | 10 | @a化学分析@Ahua xue fen xi@f中华人民共和国第一机械工业部统编@FZhong Hua Ren Min Gong He Guo Di Yi Ji Xie Gong Ye Bu Tong Bian |
| 210 | @a北京@c科学普及出版社@d1983 | |
| 215 | @a182页@d26cm | |
| 300 | @a机械工人技术培训教材 | |
| 606 | @a化学分析 | |
| 606 | 0 | @a分析化学 |
| 606 | 0 | @a分析(化学) |
| 690 | @aO653 | |
| 711 | 02 | @a中华人民共和国第一机械工业部统@AZhong Hua Ren Min Gong He Guo Di Yi Ji Xie Gong Ye Bu Tong |
| 801 | 0 | @aCN@b上海图书馆@c20040519 |
| 801 | 2 | @aCN@bNLC@c20040519 |
| 905 | @f2@b95445-446@dO653@e8 | |
| 化学分析/中华人民共和国第一机械工业部统编.-北京:科学普及出版社,1983 |
| 182页;26cm |
| 机械工人技术培训教材 |
| ISBN :CNY1.10 |
| ● |
| 相关链接 |
|
|
|
|
正题名:化学分析
索取号:O653/8
 
预约/预借
| 序号 | 登录号 | 条形码 | 馆藏地/架位号 | 状态 | 备注 |
| 1 | 0095445 | 000632444 | 第三借阅区/ [索取号:O653/8] | 在馆 | |
| 2 | 0095446 | 000632435 | 第三借阅区/ [索取号:O653/8] | 在馆 | |
| 3 | 0095447 | 202096409 | 第二样本阅览室/ [索取号:O653/8] | 在馆 | |
| 4 | 0165241 | 000631953 | 密集书库/ [索取号:O653/8] | 在馆 |